[Event "RUS-ch U20 Girls"]
[Site "Loo"]
[Date "2018.04.20"]
[Round "1"]
[White "Korchagina, Alena"]
[Black "Afonasieva, Anna"]
[Result "1-0"]
[WhiteElo "2191"]
[BlackElo "2260"]
[PlyCount "137"]
[EventDate "2018.04.20"]
[EventType "tourn"]
[EventRounds "9"]
[EventCountry "RUS"]
[SourceTitle "CBM 184 Extra"]
[Source "ChessBase"]
[SourceDate "2018.06.28"]
[SourceVersion "1"]
[SourceVersionDate "2018.06.28"]
[SourceQuality "1"]

1. Nf3 d5 2. d4 Nf6 3. c4 c6 4. Nc3 dxc4 5. e3 b5 6. a4 b4 7. Na2 e6 8. Bxc4 Be7 9. 0-0 0-0 10. Qe2 Bb7 11. Bd2 a5 12. Rfd1 Nbd7 13. Nc1 Qb6 14. Be1 c5 15. Nb3 Rac8 16. Nfd2 cxd4 17. Nxd4 Rfd8 18. Bb5 Nc5 19. f3 Nd5 20. Nc4 Qa7 21. Bf2 Bf6 22. Kh1 e5 23. Nf5 e4 24. Nfd6 Rb8 25. Nxb7 Rxb7 26. Bc6 Rbd7 27. Bxd7 Rxd7 28. fxe4 Nxe4 29. Qf3 Nxf2+ 30. Qxf2 Rc7 31. Rxd5 Rxc4 32. Rad1 h6 33. Qf5 Qb6 34. Rxa5 g6 35. Qd5 Rc7 36. e4 Qe3 37. Ra8+ Kg7 38. Qd6 Qc5 39. Qxc5 Rxc5 40. b3 Rc3 41. Rb1 Rc2 42. g3 h5 43. a5 h4 44. a6 h3 45. Rb8 Ra2 46. Rxb4 Rxa6 47. Rc4 Be7 48. b4 Ra4 49. Kg1 Bd6 50. Rb2 Kf6 51. Kf2 Ke5 52. Kf3 f5 53. exf5 Kxf5 54. Rd2 Bxb4 55. Rd5+ Ke6 56. Rd3 Ra3 57. Rxa3 Bxa3 58. Kg4 Kf6 59. Rc6+ Kg7 60. Kxh3 Bb4 61. Kg4 Be1 62. h4 Kh7 63. Ra6 Bf2 64. Kg5 Be3+ 65. Kf6 Bf2 66. g4 Bxh4+ 67. g5 Bf2 68. Kf7 Bc5 69. Ra1 1-0

[Event "EU-ch U18 Girls 27th"]
[Site "Mamaia"]
[Date "2017.09.11"]
[Round "6"]
[White "Korchagina, Alena"]
[Black "Garcia Martin, Marta"]
[Result "0-1"]
[WhiteElo "2158"]
[BlackElo "2360"]
[PlyCount "90"]
[EventDate "2017.09.05"]
[EventType "swiss"]
[EventRounds "9"]
[EventCountry "ROU"]
[SourceTitle "CBM 180 Extra"]
[Source "ChessBase"]
[SourceDate "2017.10.06"]
[SourceVersion "1"]
[SourceVersionDate "2017.10.06"]
[SourceQuality "1"]

1. d4 d5 2. c4 e6 3. Nf3 Nf6 4. Nc3 Bb4 5. Qa4+ Nc6 6. e3 0-0 7. Qc2 Bd6 8. c5 Be7 9. Be2 b6 10. cxb6 axb6 11. 0-0 Nb4 12. Qb1 c5 13. Ne5 Bb7 14. Bd2 Nc6 15. Nxc6 Bxc6 16. Rc1 Qd7 17. b3 Bd6 18. a4 e5 19. Nb5 Ne4 20. Be1 exd4 21. Nxd6 Qxd6 22. exd4 cxd4 23. Bd3 h6 24. Qb2 Qf6 25. Bb4 Rfc8 26. Rc2 Bb7 27. Rac1 Nc3 28. Bxc3 dxc3 29. Rxc3 Rc5 30. Qd2 Rac8 31. Rxc5 bxc5 32. Bb1 Qb6 33. Qd3 g6 34. Qe3 Kg7 35. Qe5+ Kh7 36. Qf4 Kg7 37. Rc3 Re8 38. Qc1 d4 39. Rh3 h5 40. Qd2 c4 41. a5 c3 42. Qc1 Qxa5 43. Bc2 Qe5 44. Qf1 Qe1 45. Bd3 Qd2 0-1

[Event "EU-ch U14 Girls 24th"]
[Site "Batumi"]
[Date "2014.10.24"]
[Round "6"]
[White "Shafigullina, Zarina"]
[Black "Korchagina, Alena"]
[Result "0-1"]
[WhiteElo "1774"]
[BlackElo "1894"]
[PlyCount "186"]
[EventDate "2014.10.19"]
[EventType "swiss"]
[EventRounds "9"]
[EventCountry "GEO"]
[SourceTitle "EXT 2016"]
[Source "ChessBase"]
[SourceDate "2015.10.08"]
[SourceVersion "1"]
[SourceVersionDate "2015.10.08"]
[SourceQuality "1"]

1. Nf3 Nf6 2. g3 d5 3. Bg2 c6 4. d4 Bf5 5. 0-0 e6 6. c4 h6 7. Nc3 Nbd7 8. Qb3 Qb6 9. c5 Qxb3 10. axb3 Be7 11. b4 0-0 12. b5 cxb5 13. Nxb5 a6 14. Nc3 Ne4 15. Nxe4 Bxe4 16. b4 Bf6 17. e3 Bd3 18. Rd1 Be2 19. Rd2 Bb5 20. Bf1 Bxf1 21. Kxf1 Rac8 22. Ba3 Rfd8 23. Rb1 Be7 24. Rc2 Nf6 25. Ne5 Nd7 26. Nf3 f6 27. Nd2 e5 28. Bb2 Kf7 29. Ba1 exd4 30. exd4 f5 31. Bb2 g5 32. Ra1 g4 33. f3 Bg5 34. Kg2 Re8 35. f4 Bf6 36. Nb3 Nb8 37. Nc1 Nc6 38. Nd3 Nxd4 39. Rf2 Nf3 40. Rd1 Re3 41. Ne5+ Bxe5 42. Bxe5 Ke6 43. Bg7 Rc7 44. Ba1 h5 45. h4 gxh3+ 46. Kxh3 h4 47. Kg2 h3+ 48. Kh1 Rd7 49. Bb2 d4 50. Bc1 Rb3 51. Rdf1 Rxb4 52. Rxf3 Rc4 53. Rd3 Rxc5 54. Rfd1 a5 55. Bb2 Rb5 56. Bxd4 Rbd5 57. Re1+ Kf7 58. Re5 Rxe5 59. fxe5 a4 60. Rd2 b5 61. Bc3 Rc7 62. Bb4 Rc1+ 63. Kh2 Rb1 64. Rd4 Rb3 65. Kxh3 Ke6 66. Kg2 Kxe5 67. Rh4 Kd5 68. Rf4 Ke5 69. Rh4 a3 70. Bxa3 Rxa3 71. Rb4 Ra5 72. Kf2 Kd5 73. Rf4 Ke5 74. Rb4 Kd5 75. Rf4 Ra4 76. Rxf5+ Kc4 77. Ke2 b4 78. Kd2 Kb3 79. Rf1 Ra2+ 80. Kd3 Ka3 81. Rb1 b3 82. Kc3 Rc2+ 83. Kd3 Ka2 84. Rf1 Rc8 85. Rf2+ b2 86. Rxb2+ Kxb2 87. Ke4 Kc3 88. g4 Kc4 89. g5 Rc5 90. Kf4 Kd5 91. Kf5 Rc1 92. g6 Rf1+ 93. Kg5 Ke6 0-1